[Event "IRI-ch U14"]
[Site "Chess.com INT"]
[Date "2021.01.16"]
[Round "2"]
[White "Etemadi, Ariyan"]
[Black "Senobar, Arya"]
[Result "1-0"]
[WhiteElo "1898"]
[BlackElo "1363"]
[PlyCount "43"]
[EventDate "2021.01.16"]
[EventType "swiss"]
[EventRounds "11"]
[EventCountry "IRI"]
[SourceTitle "EXT 2022"]
[Source "ChessBase"]
[SourceDate "2021.10.06"]
[SourceVersion "1"]
[SourceVersionDate "2021.10.06"]
[SourceQuality "1"]

1. d4 Nf6 2. Bf4 e6 3. e3 Be7 4. Bd3 d6 5. Nf3 Nbd7 6. Nbd2 b6 7. c3 Bb7 8. Qe2 0-0 9. h4 c5 10. Rg1 Re8 11. g4 Bf8 12. h5 e5 13. dxe5 dxe5 14. g5 Nxh5 15. Bxh7+ Kxh7 16. g6+ fxg6 17. Ng5+ Qxg5 18. Bxg5 Ndf6 19. Bxf6 Nxf6 20. 0-0-0 Ne4 21. Rh1+ Kg8 22. Qc4+ 1-0

[Event "IRI-ch U14"]
[Site "Chess.com INT"]
[Date "2021.01.16"]
[Round "10"]
[White "Senobar, Arya"]
[Black "Fathi, Hamed"]
[Result "1/2-1/2"]
[WhiteElo "1363"]
[BlackElo "1485"]
[PlyCount "72"]
[EventDate "2021.01.16"]
[EventType "swiss"]
[EventRounds "11"]
[EventCountry "IRI"]
[SourceTitle "EXT 2022"]
[Source "ChessBase"]
[SourceDate "2021.10.06"]
[SourceVersion "1"]
[SourceVersionDate "2021.10.06"]
[SourceQuality "1"]

1. d4 Nf6 2. c4 e6 3. Nc3 Bb4 4. Bg5 d5 5. cxd5 exd5 6. e3 c6 7. Bd3 h6 8. Bxf6 Qxf6 9. Nge2 Bf5 10. a3 Bd6 11. 0-0 Qg6 12. Bxf5 Qxf5 13. Ng3 Bxg3 14. fxg3 Qe6 15. e4 dxe4 16. Nxe4 Nd7 17. Re1 0-0 18. Nc5 Qd5 19. Nxd7 Qxd7 20. Re4 Rfe8 21. Qd3 Rxe4 22. Qxe4 Re8 23. Qd3 Rd8 24. Rd1 Qd5 25. Qf3 Qxf3 26. gxf3 Kf8 27. Kf2 Ke7 28. b3 Kf6 29. Ke3 Re8+ 30. Kd3 Rd8 31. Kc4 Re8 32. d5 cxd5+ 33. Rxd5 Re2 34. Rd7 Re7 35. Rxe7 Kxe7 36. Kd5 Kd7 1/2-1/2